000 01078cam a22003131 4500
999 _c20429
_d20429
001 7462351
003 BDDh-ASL
005 20231015025904.0
008 721011s1959 enkab 000 0 eng
010 _aa 56003999
015 _aGB55-13563
035 _a(OCoLC)426246
040 _aDLC
_cOWibfU
_dOCoLC
_dPPiPT
_dOCoLC
_dUk
_dPPLT
_dDLC
_dBDDh-ASL
042 _apremarc
050 0 0 _aBV3540
_b.T7
082 _a297.096
_bTRI
100 1 _aTrimingham, J. Spencer
_q(John Spencer),
_d1904-
245 1 4 _aIslam in West Africa /
260 _aLondon,
_bOxford University Press,
_c[1959]
300 _a262 p.
_billus., map.
_c22 cm.
490 0 _aI.M.C. research pamphlets,
_vno. 3
500 _aBased on material collected under the sponsorship of the Church Missionary Society and the Methodist Missionary Society.
650 0 _aMuslims
_zAfrica, West.
650 0 _aChristians
_zAfrica, West.
650 0 _aChristianity and other religions
_xIslam.
651 0 _aAfrica, West
_xChurch history.
906 _a7
_bcbc
_coclcrpl
_du
_encip
_f19
_gy-gencatlg
942 _2ddc
_cBK